Patterns of English

Bewaard in:
Bibliografische gegevens
Hoofdauteur: Paul Roberts
Formaat: Boek
Taal:Undetermined
Gepubliceerd in: New York Harcourt, Brace and World 1956
Onderwerpen:
Tags: Voeg label toe
Geen labels, Wees de eerste die dit record labelt!
Thư viện lưu trữ: Trung tâm Học liệu Trường Đại học Cần Thơ
LEADER 00477nam a2200181Ia 4500
001 CTU_275
008 210402s9999 xx 000 0 und d
082 |a 425 
082 |b R642 
100 |a Paul Roberts 
245 0 |a Patterns of English 
245 0 |c Paul Roberts 
260 |a New York 
260 |b Harcourt, Brace and World 
260 |c 1956 
650 |a english language - patterns 
904 |i Minh,960720 
980 |a Trung tâm Học liệu Trường Đại học Cần Thơ